Statistics for すかいらーくが運営するレストラン

Click here to take the quiz!

General Stats

  • This quiz has been taken 63 times
  • The average score is 7 of 20

Answer Stats

HintAnswer% Correct
Caféレストランガスト
100%
中華レストランバーミヤン
95%
しゃぶしゃぶブッフェしゃぶ葉
83%
ステーキ&サラダバーステーキガスト
80%
和食レストラン夢庵
61%
ファミリーレストランジョナサン
58%
から揚げ専門店から好し
54%
和食レストラン藍屋
37%
イタリアンレストラングラッチェガーデンズ
31%
カフェ&ダイニングむさしの森珈琲
20%
回転寿司魚屋路
15%
飲茶専門店桃菜
14%
ハワイアンダイニング&カフェLa Ohana
14%
うどん・天ぷら・定食ゆめあん食堂
12%
とんかつ・からあげとんから亭
12%
和ごはんとカフェchawan
12%
台湾小籠包・スイーツ食べ放題點心甜心
7%
台湾小籠包・スイーツ食べ放題包包點心
7%
生そば・丼八郎そば
7%
いろどり和菜三〇三
7%

Score Distribution

Percentile by Number Answered

Percent of People with Each Score

Your Score History

You have not taken this quiz